[Event "Guernsey Open"]
[Site "?"]
[Date "2002.??.??"]
[Round "2"]
[White "Morris, Graham"]
[Black "Hauptmann, Thomas"]
[Result "1/2-1/2"]
[WhiteElo "1806"]
[BlackElo "2050"]
[PlyCount "70"]
[EventDate "2002.10.20"]

1. e4 d5 2. exd5 Qxd5 3. Nc3 Qa5 4. d4 c6 5. Nf3 Nf6 6. Bc4 Bf5 7. O-O e6 8.
Re1 Be7 9. Bf4 Nd5 10. Nxd5 cxd5 11. Bd3 Bxd3 12. Qxd3 Nc6 13. c3 h6 14. Ne5
Bf6 15. Qg3 Qd8 16. Rad1 Ne7 17. Ng4 Nf5 18. Qd3 O-O 19. Nxf6+ Qxf6 20. Be5 Qe7
21. c4 dxc4 22. Qxc4 Rfc8 23. Qb3 Rd8 24. d5 Rxd5 25. Rxd5 exd5 26. Qxd5 Re8
27. Kf1 Qe6 28. Qxe6 Rxe6 29. Bc3 Rxe1+ 30. Kxe1 g6 31. Ke2 Kf8 32. Kd3 Ke7 33.
Ke4 Ke6 34. Be5 Nd6+ 35. Bxd6 Kxd6 1/2-1/2

[Event "Guernsey Open"]
[Site "?"]
[Date "2002.??.??"]
[Round "2"]
[White "Goldberg, Menashe"]
[Black "Knight, Timothy"]
[Result "1-0"]
[WhiteElo "2039"]
[BlackElo "1765"]
[PlyCount "45"]
[EventDate "2002.10.20"]

1. d4 Nf6 2. Nc3 e6 3. Bg5 c5 4. Ne4 cxd4 5. Bxf6 gxf6 6. Qxd4 Be7 7. O-O-O Nc6
8. Nd6+ Bxd6 9. Qxd6 Qa5 10. Kb1 Qe5 11. Qd2 d5 12. Nf3 Qh5 13. h4 f5 14. e3
Bd7 15. c4 O-O-O 16. cxd5 exd5 17. Be2 Be6 18. Ne5 Qh6 19. Nxc6 bxc6 20. Rc1
Kd7 21. Qc3 Rc8 22. Ba6 Rc7 23. Qxh8 1-0

[Event "Guernsey Open"]
[Site "?"]
[Date "2002.??.??"]
[Round "2"]
[White "Wood, Peter C"]
[Black "Wilson, Alexandra"]
[Result "0-1"]
[WhiteElo "1784"]
[BlackElo "1816"]
[PlyCount "76"]
[EventDate "2002.10.20"]

1. Nf3 Nf6 2. c4 g6 3. Nc3 d5 4. cxd5 Nxd5 5. e4 Nb6 6. d4 Bg7 7. Be3 Nc6 8.
Qd2 O-O 9. Be2 Bg4 10. Rd1 Qd7 11. h3 Bxf3 12. gxf3 e6 13. h4 h5 14. e5 Nd5 15.
Ne4 Nce7 16. Nc5 Qc8 17. Bd3 b6 18. Na4 c5 19. Nc3 cxd4 20. Nxd5 exd5 21. Bh6
Qe6 22. Bxg7 Kxg7 23. Qf4 Nc6 24. Kf1 Qxe5 25. Qc1 Rac8 26. Qd2 Qf6 27. f4 a5
28. a3 Rcd8 29. Rc1 Ne7 30. Re1 Rfe8 31. Re5 Nf5 32. Rg1 Nxh4 33. Qe2 Rxe5 34.
fxe5 Qf3 35. Qc2 Qh3+ 36. Ke1 Nf3+ 37. Kd1 Nxg1 38. e6 Qxe6 0-1

[Event "Guernsey Open"]
[Site "?"]
[Date "2002.??.??"]
[Round "2"]
[White "Kemp, Paul M"]
[Black "Hunt, L."]
[Result "1-0"]
[WhiteElo "2028"]
[BlackElo "1744"]
[PlyCount "67"]
[EventDate "2002.10.20"]

1. d4 Nf6 2. Nf3 e6 3. e3 d5 4. Bd3 Bd6 5. O-O O-O 6. b3 Re8 7. Bb2 c5 8. Nbd2
Nc6 9. Ne5 Nb4 10. Be2 cxd4 11. exd4 Qc7 12. c4 Nd7 13. a3 Nc6 14. f4 f6 15.
Nd3 b6 16. Bf3 Ne7 {(=)} 17. Qe2 Kh8 18. Rae1 Bxf4 19. Nxf4 Qxf4 20. Bxd5 Qxf1+
21. Rxf1 exd5 22. cxd5 Bb7 23. Qb5 Rad8 24. Re1 Bxd5 25. Rxe7 Rxe7 26. Qxd5
Rde8 27. Nf3 Nf8 28. Qc4 Re4 29. Qf7 R4e7 30. Qh5 Ng6 31. Qf5 Re2 32. Bc3 Ne7
33. Qb5 Ng6 34. Ne5 1-0

[Event "Guernsey Open"]
[Site "?"]
[Date "2002.??.??"]
[Round "2"]
[White "Van de Linden, Marcel"]
[Black "Spanton, Timothy"]
[Result "0-1"]
[WhiteElo "1760"]
[BlackElo "2005"]
[PlyCount "100"]
[EventDate "2002.10.20"]

1. d4 d5 2. g3 Nf6 3. Bg2 c5 4. c3 e6 5. Nf3 Nc6 6. O-O Bd6 7. Nbd2 O-O 8. Re1
Qc7 9. e4 cxd4 10. cxd4 dxe4 11. Nxe4 Nxe4 12. Rxe4 e5 13. dxe5 Nxe5 14. Nd4
Bd7 15. Bf4 Rad8 16. Rc1 Qb8 17. Qe2 Nc6 18. Bxd6 Qxd6 19. Nb5 Qh6 20. Rd1 Be6
21. Re3 Bc4 22. Rxd8 Bxe2 23. Rxf8+ Kxf8 24. Rxe2 Qh5 25. Nc3 Nd4 26. Re3 b5
27. a3 a5 28. h4 b4 29. axb4 axb4 30. Nd5 Qd1+ 31. Kh2 Ne2 32. Nxb4 Qg1+ 33.
Kh3 Qxf2 34. Rxe2 Qxe2 35. Nd5 Qxb2 36. Nf4 h6 37. Kh2 Ke7 38. Nh3 f5 39. Kh1
Qd2 40. Kh2 Kf6 41. Kh1 Qe1+ 42. Kh2 Qd1 43. Bh1 Qg4 44. Bg2 g5 45. hxg5+ hxg5
46. Nf2 Qd4 47. Nh3 Qe3 48. Bh1 f4 49. gxf4 g4 50. Ng1 g3+ 0-1

[Event "Guernsey Open"]
[Site "?"]
[Date "2002.??.??"]
[Round "2"]
[White "Lanzer, RA."]
[Black "Autin, DW."]
[Result "1-0"]
[WhiteElo "1744"]
[BlackElo "1920"]
[PlyCount "91"]
[EventDate "2002.10.20"]

1. e4 d6 2. d4 Nf6 3. Nc3 Nc6 4. Nf3 g6 5. h3 Bg7 6. Be3 O-O 7. d5 Nb8 8. Qd2
Re8 9. Bc4 a6 10. a4 Nbd7 11. Bd4 Nf8 12. O-O e6 13. Rfe1 e5 14. Be3 Kh8 15. b4
Ng8 16. b5 f5 17. Ng5 Re7 18. f4 h6 19. Nf3 fxe4 20. Nxe4 exf4 21. Bd4 axb5 22.
Bxg7+ Rxg7 23. Bxb5 g5 24. Nf2 Ng6 25. Qd4 Bd7 26. Bxd7 Qxd7 27. Re2 Qf5 28.
Qc4 Nf6 29. Nd4 Qxd5 30. Qxd5 Nxd5 31. Nf5 Rh7 32. Re6 Ne5 33. c4 Ne3 34. Ne7
Nc2 35. Rd1 Rxa4 36. Nf5 Ra8 37. c5 Ne3 38. Nxe3 fxe3 39. Ne4 Ra2 40. cxd6 e2
41. Rc1 Nc4 42. Re8+ Kg7 43. d7 Nd6 44. d8=Q e1=Q+ 45. Rxe1 Rxg2+ 46. Kh1 1-0

[Event "Guernsey Open"]
[Site "?"]
[Date "2002.??.??"]
[Round "2"]
[White "Kuijpers, Paul JM"]
[Black "Goman, Colin R"]
[Result "1-0"]
[WhiteElo "1915"]
[BlackElo "1590"]
[PlyCount "73"]
[EventDate "2002.10.20"]

1. e4 d6 2. d4 Nf6 3. Bd3 g6 4. c3 Bg7 5. Bf4 O-O 6. Ne2 c5 7. Qd2 Nc6 8. d5
Ne5 9. Bc2 Bg4 10. Ng3 Nc4 11. Qc1 b5 12. f3 Bc8 13. b3 Nb6 14. Bh6 a5 15. h4
Qc7 16. h5 a4 17. bxa4 bxa4 18. Qg5 Ba6 19. Nf5 Nxh5 20. Bxg7 f6 21. Qh6 Rf7
22. g4 Rxg7 23. Nxg7 Nxg7 24. Qxh7+ Kf7 25. e5 Nxd5 26. Qxg6+ Ke6 27. Qxg7 dxe5
28. Qg6 Nf4 29. Qf5+ Kd6 30. Nd2 Ng2+ 31. Kf2 Nf4 32. Rad1 Be2 33. Nc4+ Kc6 34.
Qe4+ Kb5 35. Rb1+ Ka6 36. Qxa8+ Qa7 37. Rb6# 1-0

[Event "Guernsey Open"]
[Site "?"]
[Date "2002.??.??"]
[Round "3"]
[White "Gelashvili, Tamaz"]
[Black "Woodward, Timothy"]
[Result "1-0"]
[WhiteElo "2516"]
[BlackElo "2185"]
[PlyCount "69"]
[EventDate "2002.10.20"]

1. e4 c6 2. d4 d5 3. e5 c5 4. dxc5 e6 5. Be3 Nh6 6. c3 Nf5 7. Bd4 Bd7 8. Nf3
Nc6 9. a3 a5 10. a4 Nfxd4 11. cxd4 b6 12. cxb6 Qxb6 13. Bb5 Na7 14. Bxd7+ Kxd7
15. O-O Qxb2 16. Nbd2 Qb6 17. Nb3 Nc6 18. Rb1 Nb4 19. Rc1 Be7 20. Nc5+ Bxc5 21.
dxc5 Qa6 22. Nd4 Nc6 23. Nb5 Rhf8 24. f4 g6 25. f5 gxf5 26. Rxf5 Rab8 27. Rf2
Rxb5 28. axb5 Qxb5 29. Qh5 Ke7 30. Qg5+ Ke8 31. Qe3 Nb4 32. c6 Nxc6 33. Rfc2 d4
34. Qe4 Nd8 35. Qxd4 1-0

[Event "Guernsey Open"]
[Site "?"]
[Date "2002.??.??"]
[Round "3"]
[White "Lock, Gavin"]
[Black "Webster, Andrew"]
[Result "0-1"]
[WhiteElo "2120"]
[BlackElo "2415"]
[PlyCount "78"]
[EventDate "2002.10.20"]

1. d4 Nf6 2. Nf3 e6 3. c4 Bb4+ 4. Nbd2 b6 5. a3 Bxd2+ 6. Bxd2 Bb7 7. Bg5 d6 8.
e3 Nbd7 9. Qc2 h6 10. Bh4 Qe7 11. Bd3 c5 12. dxc5 Nxc5 13. b4 Nxd3+ 14. Qxd3 e5
15. Qe2 g5 16. Bg3 Ne4 17. O-O h5 18. h4 Nc3 19. Qc2 Bxf3 20. gxf3 gxh4 21.
Qxc3 Rg8 22. Kh2 hxg3+ 23. fxg3 Rc8 24. Qd3 h4 25. g4 e4 26. Qd4 Qe5+ 27. Qxe5+
dxe5 28. Rac1 exf3 29. Kh3 e4 30. c5 bxc5 31. Rc4 f5 32. gxf5 Kf7 33. Rxe4 c4
34. Rxf3 c3 35. Rf1 c2 36. Rc1 Rgd8 37. Rd4 Rxd4 38. exd4 Kf6 39. Kxh4 Kxf5 0-1

[Event "Guernsey Open"]
[Site "?"]
[Date "2002.??.??"]
[Round "3"]
[White "Bellin, Robert"]
[Black "Reijneveld, Ad"]
[Result "1/2-1/2"]
[WhiteElo "2360"]
[BlackElo "2110"]
[PlyCount "45"]
[EventDate "2002.10.20"]

1. d4 Nf6 2. Bg5 g6 3. Bxf6 exf6 4. e3 Bg7 5. g3 d6 6. Bg2 f5 7. Ne2 Nd7 8. c4
c6 9. O-O O-O 10. Nbc3 Nf6 11. b4 Qe7 12. Qd3 Re8 13. Rab1 f4 14. e4 fxg3 15.
hxg3 Bg4 16. f3 Bd7 17. Rbe1 Bh6 18. b5 a6 19. bxc6 bxc6 20. Na4 Rab8 21. c5
dxc5 22. Nxc5 Rb2 23. f4 1/2-1/2

[Event "Guernsey Open"]
[Site "?"]
[Date "2002.??.??"]
[Round "3"]
[White "Van Voorthuijsen, PW."]
[Black "Brown, Allen M"]
[Result "1-0"]
[WhiteElo "2304"]
[BlackElo "2133"]
[PlyCount "75"]
[EventDate "2002.10.20"]

1. d4 Nf6 2. c4 e6 3. g3 c5 4. d5 d6 5. Nc3 Be7 6. Bg2 e5 7. e4 O-O 8. Nge2 Na6
9. O-O Nc7 10. f4 Nd7 11. Qd3 Bf6 12. Bh3 a6 13. a4 b6 14. Kg2 Rb8 15. Ng1 Re8
16. Nf3 h6 17. Rf2 Qe7 18. Re2 Kh8 19. Bd2 Rg8 20. Kh1 g5 21. fxg5 hxg5 22. Bf5
Nf8 23. Bxc8 Rxc8 24. Rf1 Nh7 25. Ne1 g4 26. Ref2 Rg6 27. Ng2 Ne8 28. Qe2 Ng7
29. Nd1 Rf8 30. b3 Qd7 31. Nde3 Bg5 32. Nf5 Bxd2 33. Nfh4 Rg5 34. Qxd2 Qe8 35.
Rf6 Nxf6 36. Qxg5 Nxe4 37. Qxg4 f5 38. Qxe4 1-0

[Event "Guernsey Open"]
[Site "?"]
[Date "2002.??.??"]
[Round "3"]
[White "Plant, Paul"]
[Black "Van Dijk, Bram"]
[Result "1/2-1/2"]
[WhiteElo "2024"]
[BlackElo "2241"]
[PlyCount "64"]
[EventDate "2002.10.20"]

1. d4 d5 2. c4 c6 3. cxd5 cxd5 4. Nc3 Nf6 5. Bf4 a6 6. e3 g6 7. Nf3 Bg7 8. Be2
Nc6 9. O-O Nh5 10. Bg5 Qd6 11. Qb3 h6 12. Bh4 e6 13. e4 Nf4 14. exd5 Nxe2+ 15.
Nxe2 Qxd5 16. Qa3 Qa5 17. Qxa5 Nxa5 18. Nc3 O-O 19. Na4 b5 20. Nc5 Nc6 21. Rfd1
f5 22. h3 f4 23. d5 exd5 24. Rxd5 g5 25. Bxg5 hxg5 26. Rxg5 Rf5 27. Rd1 Rxg5
28. Nxg5 Bf5 29. Rd6 Rc8 30. Nxa6 Bxb2 31. Nf3 Kf7 32. Rd5 Kf6 1/2-1/2

[Event "Guernsey Open"]
[Site "?"]
[Date "2002.??.??"]
[Round "3"]
[White "Murray, J Stephen"]
[Black "Corkett, Anthony"]
[Result "0-1"]
[WhiteElo "2075"]
[BlackElo "2313"]
[PlyCount "68"]
[EventDate "2002.10.20"]

1. e4 c5 2. Nf3 Nc6 3. c3 d5 4. Bd3 dxe4 5. Bxe4 Qc7 6. h3 Nf6 7. Bc2 e6 8. O-O
Be7 9. d4 cxd4 10. Nxd4 a6 11. Be3 O-O 12. Nd2 Bd7 13. Ne4 Rad8 14. Qd3 Nxe4
15. Qxe4 f5 16. Qf3 Rf6 17. Qe2 Rg6 18. Bb3 Kh8 19. Rad1 Rf8 20. Rfe1 f4 21.
Nxe6 Bxe6 22. Bxf4 Qxf4 23. Bxe6 Bc5 24. Rf1 Re8 25. Qc4 Qg5 26. Bg4 Bb6 27.
Qf7 Rg8 28. Qxb7 Ne5 29. Bf3 Rf8 30. Be4 Rgf6 31. Kh1 Bxf2 32. Qd5 Qg3 33. Rd2
Ng4 34. hxg4 Qh4# 0-1

[Event "Guernsey Open"]
[Site "?"]
[Date "2002.??.??"]
[Round "3"]
[White "Goris, Ton"]
[Black "Skorna, Ullrich"]
[Result "1/2-1/2"]
[WhiteElo "2078"]
[BlackElo "2180"]
[PlyCount "107"]
[EventDate "2002.10.20"]

1. e4 e6 2. d4 d5 3. e5 c5 4. c3 Nc6 5. Nf3 Bd7 6. a3 c4 7. Be2 Qb6 8. Nbd2 Na5
9. O-O h6 10. Rb1 Nb3 11. Nxb3 Ba4 12. Nfd2 Rc8 13. Qe1 Bxb3 14. Nxb3 Qxb3 15.
Bd1 Qb6 16. Ba4+ Kd8 17. Bd2 Ne7 18. b4 Kc7 19. Qe2 Qa6 20. Bc2 Qc6 21. b5 Qd7
22. a4 Kb8 23. Rb2 Nf5 24. Ra2 h5 25. Bf4 Ka8 26. Re1 g6 27. Bg5 Be7 28. Bxe7
Qxe7 29. f4 Qh4 30. Qf2 Qxf2+ 31. Kxf2 Nh6 32. h3 Rhg8 33. Re3 Rce8 34. Ra1 h4
35. Rg1 Kb8 36. g4 hxg3+ 37. Rexg3 Rh8 38. Rh1 Ng8 39. h4 Ne7 40. Rgh3 Rh5 41.
Bd1 Rh6 42. Bg4 Kc7 43. a5 a6 44. b6+ Kd7 45. Bd1 Reh8 46. Ba4+ Kd8 47. Kg3
Nf5+ 48. Kg4 Rh5 49. Bc2 Ke7 50. Bxf5 gxf5+ 51. Kf3 Rg8 52. Rg3 Rgh8 53. Rgh3
Kd7 54. Ke3 1/2-1/2

[Event "Guernsey Open"]
[Site "?"]
[Date "2002.??.??"]
[Round "3"]
[White "Almond, Richard"]
[Black "Ruston, Mark"]
[Result "1-0"]
[WhiteElo "2127"]
[BlackElo "2065"]
[PlyCount "71"]
[EventDate "2002.10.20"]

1. d4 d5 2. c4 c6 3. Nf3 Nf6 4. Nc3 dxc4 5. a4 Bf5 6. e3 e6 7. Bxc4 Bb4 8. O-O
O-O 9. Qe2 Bg4 10. Rd1 Bxc3 11. bxc3 Ne4 12. Qc2 Bxf3 13. gxf3 Ng5 14. Qe2 Qf6
15. f4 Ne4 16. Ra3 Qg6+ 17. Kh1 Qh6 18. Rg1 Nd7 19. Rb3 b6 20. Bd3 f5 21. Ba3
Rf6 22. Qc2 Rg6 23. Bxe4 Rxg1+ 24. Kxg1 fxe4 25. Qxe4 Nf6 26. Qxe6+ Kh8 27.
Qxc6 Re8 28. Rb5 Qg6+ 29. Rg5 Qd3 30. Bd6 Rxe3 31. fxe3 Qxe3+ 32. Kh1 h6 33.
Rg3 Qe1+ 34. Rg1 Qe2 35. Be5 Nh5 36. Qxh6+ 1-0

[Event "Guernsey Open"]
[Site "?"]
[Date "2002.??.??"]
[Round "3"]
[White "Kamps, JW."]
[Black "Marotzke, Stefan"]
[Result "0-1"]
[WhiteElo "1993"]
[BlackElo "2089"]
[PlyCount "102"]
[EventDate "2002.10.20"]

1. e4 d5 2. exd5 Nf6 3. c4 e6 4. dxe6 Bxe6 5. Nf3 Nc6 6. Be2 Bc5 7. O-O O-O 8.
b3 Nd4 9. Ba3 Nxe2+ 10. Qxe2 Bxa3 11. Nxa3 Re8 12. d4 Qd7 13. Qb2 Nh5 14. Rae1
Nf4 15. Re3 f6 16. g3 Nh3+ 17. Kg2 Nf4+ 18. Kh1 Bh3 19. Rg1 Rxe3 20. fxe3 Qg4
21. Qf2 Nd3 22. Qe2 Qe4 23. Nb5 Re8 24. Nxc7 Qxe3 25. Qxe3 Rxe3 26. Ra1 Rxf3
27. Nd5 Rf1+ 28. Rxf1 Bxf1 29. Ne7+ Kf7 30. Nc8 Nc1 31. Nd6+ Ke6 32. Nxb7 Nxa2
33. Kg1 Bh3 34. Kf2 Nb4 35. Nc5+ Kd6 36. Ke3 Nc2+ 37. Kd3 Bf5+ 38. Kc3 Ne3 39.
Nb7+ Kc7 40. Nc5 Nf1 41. d5 Nxh2 42. b4 Nf3 43. Nb3 h5 44. c5 g5 45. d6+ Kd7
46. Nc1 h4 47. gxh4 gxh4 48. Ne2 h3 49. Ng3 h2 50. Kc4 Ne5+ 51. Kd5 a6 0-1

[Event "Guernsey Open"]
[Site "?"]
[Date "2002.??.??"]
[Round "3"]
[White "Wismayer, Clive"]
[Black "Nicholson, John"]
[Result "1/2-1/2"]
[WhiteElo "2088"]
[BlackElo "1712"]
[PlyCount "38"]
[EventDate "2002.10.20"]

1. e4 c5 2. Nf3 e6 3. c3 d5 4. e5 Nc6 5. d4 Nge7 6. Be2 Nf5 7. Bd3 Nh4 8. Nxh4
Qxh4 9. O-O cxd4 10. Re1 Bc5 11. g3 Qd8 12. b4 Bb6 13. b5 Ne7 14. Qg4 Ng6 15.
h4 f5 16. Qe2 O-O 17. h5 Ne7 18. cxd4 Bxd4 19. Bb2 Bxb2 1/2-1/2

[Event "Guernsey Open"]
[Site "?"]
[Date "2002.??.??"]
[Round "3"]
[White "Mycroft, R."]
[Black "Havenaar, Jan"]
[Result "1-0"]
[WhiteElo "2008"]
[BlackElo "2267"]
[PlyCount "55"]
[EventDate "2002.10.20"]

1. e4 c5 2. f4 e6 3. Nf3 Nf6 4. e5 Nd5 5. d4 cxd4 6. Nxd4 Nc6 7. Bc4 Nb6 8. Bb3
d5 9. O-O Bd7 10. c3 g6 11. Nd2 Nxd4 12. cxd4 Bb5 13. Rf2 Qd7 14. a4 Ba6 15. a5
Nc8 16. Nf3 Bb5 17. Rc2 a6 18. f5 gxf5 19. Bg5 Be7 20. Rac1 Bc6 21. Qd2 Na7 22.
Bf6 Bxf6 23. exf6 Qd8 24. Qh6 Qd6 25. Rc5 O-O-O 26. Ne5 Rhf8 27. Ba4 Kb8 28.
Bxc6 1-0

[Event "Guernsey Open"]
[Site "?"]
[Date "2002.??.??"]
[Round "3"]
[White "Ballon, Guenther Jan"]
[Black "Kemp, Paul M"]
[Result "1/2-1/2"]
[WhiteElo "2219"]
[BlackElo "2028"]
[PlyCount "52"]
[EventDate "2002.10.20"]

1. d4 Nf6 2. c4 g6 3. Nc3 Bg7 4. e4 d6 5. f3 O-O 6. Bg5 c5 7. d5 e6 8. Qd2 exd5
9. cxd5 h6 10. Be3 a6 11. a4 h5 12. Nge2 Nbd7 13. Nc1 Ne5 14. Be2 Bd7 15. O-O
Nh7 16. h3 f5 17. f4 Nf7 18. exf5 Bxf5 19. g4 hxg4 20. hxg4 Bd7 21. g5 Qe7 22.
Bd3 Rae8 23. Nd1 Nhxg5 24. fxg5 Bh3 25. Ra3 Bxf1 26. Bxf1 Ne5 1/2-1/2

[Event "Guernsey Open"]
[Site "?"]
[Date "2002.??.??"]
[Round "3"]
[White "Goldberg, Menashe"]
[Black "Rosen, Daniel"]
[Result "0-1"]
[WhiteElo "2039"]
[BlackElo "2201"]
[PlyCount "48"]
[EventDate "2002.10.20"]

1. e4 g6 2. d4 Bg7 3. Nc3 d6 4. Bg5 c6 5. f4 Qb6 6. Nge2 Bg4 7. Rb1 Nd7 8. h3
Bxe2 9. Nxe2 e5 10. fxe5 dxe5 11. Be3 O-O-O 12. c3 exd4 13. Nxd4 Qc7 14. Qa4
Ngf6 15. Nf3 Nxe4 16. Qxe4 Rhe8 17. Qg4 Rxe3+ 18. Kf2 f5 19. Qh4 Qb6 20. Nd4
Re4 21. Qxh7 Bxd4+ 22. cxd4 Qxd4+ 23. Kg3 Qf6 24. Rd1 f4+ 0-1

[Event "Guernsey Open"]
[Site "?"]
[Date "2002.??.??"]
[Round "3"]
[White "Wilson, Alexandra"]
[Black "Broek, Thomas"]
[Result "1/2-1/2"]
[WhiteElo "1816"]
[BlackElo "2194"]
[PlyCount "53"]
[EventDate "2002.10.20"]

1. e4 e5 2. Nf3 Nc6 3. Bb5 a6 4. Ba4 Nf6 5. O-O Be7 6. Re1 b5 7. Bb3 d6 8. c3
Bg4 9. d3 O-O 10. Nbd2 Na5 11. Bc2 c5 12. h3 Bd7 13. d4 Qc7 14. b4 cxb4 15.
cxb4 Nc6 16. a3 Rac8 17. Bb3 exd4 18. Bb2 Nh5 19. Nxd4 Nf4 20. Qf3 Ne5 21. Qxf4
Nd3 22. Qg3 Nxb2 23. Rab1 Na4 24. Bxa4 bxa4 25. Nf5 Bxf5 26. exf5 d5 27. Qd3
1/2-1/2

[Event "Guernsey Open"]
[Site "?"]
[Date "2002.??.??"]
[Round "3"]
[White "Spanton, Timothy"]
[Black "Tan, HB."]
[Result "0-1"]
[WhiteElo "2005"]
[BlackElo "2149"]
[PlyCount "60"]
[EventDate "2002.10.20"]

1. e4 Nc6 2. d4 d5 3. Nc3 a6 4. exd5 Nb4 5. Bc4 b5 6. Bb3 Nf6 7. Nf3 Bb7 8. Qe2
Nfxd5 9. Ne5 c5 10. Qf3 f6 11. Qh5+ g6 12. Nxg6 hxg6 13. Qxh8 c4 14. a3 Nxc3
15. Bh6 Qxd4 16. bxc3 Qe4+ 17. Be3 Qxg2 18. O-O-O Nd5 19. Rhg1 Qe4 20. Rd4 Qf3
21. Rg3 Qe2 22. Bxc4 bxc4 23. Bh6 O-O-O 24. Bxf8 Bc6 25. Qh3+ Kc7 26. Bh6 g5
27. Rgg4 Qe1+ 28. Rd1 Qxd1+ 29. Kxd1 Nf4+ 30. Qd3 cxd3 0-1

[Event "Guernsey Open"]
[Site "?"]
[Date "2002.??.??"]
[Round "3"]
[White "Kuijpers, Peter CA"]
[Black "Von Saldern, Ruediger"]
[Result "1-0"]
[WhiteElo "1985"]
[BlackElo "2143"]
[PlyCount "63"]
[EventDate "2002.10.20"]

1. e4 e5 2. Nf3 Nc6 3. Bc4 Bc5 4. b4 Bxb4 5. c3 Ba5 6. d4 exd4 7. O-O d3 8. Qb3
Qf6 9. e5 Qg6 10. Ba3 Nge7 11. Nd4 Bb6 12. Nd2 Bxd4 13. Bxe7 Bxc3 14. Qxc3 Nxe7
15. Bxd3 Qc6 16. Qa3 Qe6 17. Bc4 d5 18. exd6 Qxd6 19. Qf3 O-O 20. Ne4 Qg6 21.
Rfe1 Bg4 22. Qf4 Nc6 23. Qxc7 Rac8 24. Qd6 Bf5 25. Qf4 Nb4 26. Nd6 Bh3 27. g3
Nc2 28. Nxc8 Bxc8 29. Re7 Be6 30. Rd1 Na3 31. Bxe6 fxe6 32. Qe3 1-0

[Event "Guernsey Open"]
[Site "?"]
[Date "2002.??.??"]
[Round "3"]
[White "Ippel, Cornelius"]
[Black "Westerkamp, Bert"]
[Result "0-1"]
[WhiteElo "2108"]
[BlackElo "1961"]
[PlyCount "66"]
[EventDate "2002.10.20"]

1. Nc3 e5 2. e4 Nf6 3. Nf3 Nc6 4. Bb5 Nd4 5. d3 Nxb5 6. Nxb5 d6 7. O-O Bg4 8.
h3 Bh5 9. Qe2 c6 10. Nc3 Be7 11. Be3 O-O 12. d4 Qc7 13. Rad1 Rad8 14. Bg5 Rfe8
15. Bxf6 Bxf6 16. d5 Qb6 17. dxc6 bxc6 18. Na4 Qa5 19. b3 d5 20. g4 Bg6 21.
exd5 cxd5 22. Rfe1 Rc8 23. Rc1 e4 24. g5 Bc3 25. Nxc3 Qxc3 26. Nh2 Qxh3 27. c4
Re5 28. Qe3 Qxe3 29. fxe3 Rxg5+ 30. Kf2 dxc4 31. Red1 h6 32. bxc4 Rcc5 33. Rd4
Rcf5+ 0-1

[Event "Guernsey Open"]
[Site "?"]
[Date "2002.??.??"]
[Round "3"]
[White "Kuijpers, Paul JM"]
[Black "Loerke, Reinhard"]
[Result "0-1"]
[WhiteElo "1915"]
[BlackElo "2086"]
[PlyCount "86"]
[EventDate "2002.10.20"]

1. e4 e5 2. Nf3 Nc6 3. d4 exd4 4. Nxd4 Bc5 5. Be3 Qh4 6. Nc3 Bb6 7. Nf5 Qf6 8.
Bxb6 axb6 9. Nd5 Qe5 10. Bd3 Ra5 11. c3 Rxd5 12. f4 Rxd3 13. Qxd3 Qxf4 14.
Nxg7+ Kf8 15. Nh5 Qh4+ 16. Ng3 Ne5 17. Qd4 d6 18. O-O-O Be6 19. Kb1 Ne7 20.
Rdf1 N7c6 21. Qa4 Ke7 22. Qc2 Ra8 23. Nf5+ Bxf5 24. exf5 f6 25. g3 Qc4 26. b3
Qf7 27. Rf4 Kf8 28. Rhf1 Na7 29. Rh4 Nb5 30. Kb2 Qd5 31. Rd1 Qc5 32. a4 Kg7 33.
Ra1 Qe3 34. Rd1 Qc5 35. Ra1 Na7 36. Qd2 Kg8 37. Rf1 d5 38. Rff4 Nac6 39. Qd1
Na5 40. Rh6 Nac4+ 41. bxc4 Nxc4+ 42. Kb1 Rxa4 43. Qxa4 Qg1+ 0-1

[Event "Guernsey Open"]
[Site "?"]
[Date "2002.??.??"]
[Round "3"]
[White "Bareham, D."]
[Black "Fassaert, D."]
[Result "1/2-1/2"]
[WhiteElo "1920"]
[BlackElo "2095"]
[PlyCount "101"]
[EventDate "2002.10.20"]

1. e4 c6 2. d4 d5 3. e5 Bf5 4. Nf3 e6 5. Be2 Ne7 6. O-O c5 7. c3 Nbc6 8. a3 Qc7
9. b4 c4 10. Nh4 h6 11. Nxf5 Nxf5 12. f4 g6 13. g4 Ng7 14. Nd2 a5 15. b5 Nb8
16. a4 Nd7 17. Qc2 Nb6 18. Rf2 O-O-O 19. Nf1 h5 20. h3 Qe7 21. Ba3 Qh4 22. Bxf8
Rdxf8 23. g5 Nf5 24. Kg2 Kb8 25. Qd2 Nc8 26. Rf3 b6 27. Qc1 Nce7 28. Nd2 Kb7
29. Nb1 Rc8 30. Na3 Rh7 31. Nc2 Rhh8 32. Ne1 Rh7 33. Kh2 Qxe1 34. Qxe1 Rhh8 35.
Qc1 Rc7 36. Qa3 Rcc8 37. Rg1 Rc7 38. Kg2 Nh4+ 39. Kf2 Nhf5 40. Ke1 Kb8 41. Kd2
Kb7 42. Rb1 Rhc8 43. Rff1 Rh8 44. Rfd1 Kb8 45. Ke1 Kb7 46. Rb4 Ne3 47. Kf2
Nxd1+ 48. Bxd1 axb4 49. Qxb4 Ra8 50. Bc2 Ra5 51. Kf3 1/2-1/2

[Event "Guernsey Open"]
[Site "?"]
[Date "2002.??.??"]
[Round "3"]
[White "Kitchlew, Andrew"]
[Black "Van de Walle, Rob P"]
[Result "1-0"]
[WhiteElo "2090"]
[BlackElo "1896"]
[PlyCount "57"]
[EventDate "2002.10.20"]

1. d4 d5 2. e3 c5 3. Nf3 e6 4. Nbd2 Nc6 5. c3 Nf6 6. Bd3 Bd6 7. b3 e5 8. dxe5
Nxe5 9. Nxe5 Bxe5 10. Bb2 O-O 11. Nf3 Bg4 12. Qc2 Bxf3 13. gxf3 Re8 14. O-O-O
Qa5 15. f4 Bd6 16. c4 d4 17. Kb1 Rac8 18. exd4 Bxf4 19. d5 Be5 20. Rhg1 b5 21.
d6 Bd4 22. Bxd4 cxd4 23. Bxh7+ Kh8 24. Qf5 Ne4 25. Rg3 Nd2+ 26. Ka1 Rcd8 27.
Qh5 Nxb3+ 28. Kb2 Re2+ 29. Bc2+ 1-0

[Event "Guernsey Open"]
[Site "?"]
[Date "2002.??.??"]
[Round "3"]
[White "Cheshire, Paul"]
[Black "Kuijpers, CF."]
[Result "0-1"]
[WhiteElo "1440"]
[BlackElo "2080"]
[PlyCount "98"]
[EventDate "2002.10.20"]

1. c4 e5 2. Nc3 Nf6 3. d3 Nc6 4. a3 a5 5. g3 d5 6. cxd5 Nxd5 7. Bg2 Be6 8. Bd2
Be7 9. Nf3 O-O 10. O-O Nb6 11. Rb1 f6 12. Qc2 a4 13. Ne4 Qd7 14. Nc5 Bxc5 15.
Qxc5 Rfd8 16. Be3 Ra5 17. Qc1 Nd5 18. Bd2 Raa8 19. Rd1 Bg4 20. Qc4 Kh8 21. Re1
Be6 22. Qh4 Nde7 23. Qe4 Bd5 24. Qe3 b6 25. Bc3 Na5 26. Qd2 Nb3 27. Qd1 c5 28.
e4 Be6 29. Bf1 Nc6 30. Nh4 Ncd4 31. Re3 Qf7 32. f4 Qe7 33. Qh5 Bf7 34. Qg4 b5
35. Nf5 Qf8 36. fxe5 fxe5 37. Bg2 g6 38. Nh4 Qh6 39. Ree1 Be6 40. Qd1 Rf8 41.
Nf3 Bg4 42. Rf1 Qe3+ 43. Kh1 Bxf3 44. Bxf3 Rxf3 45. Re1 Qxd3 46. Bxd4 Nxd4 47.
Qxd3 Rxd3 48. Rf1 Kg7 49. Rbc1 c4 0-1

[Event "Guernsey Open"]
[Site "?"]
[Date "2002.??.??"]
[Round "3"]
[White "Burton, Ronnie"]
[Black "Barnard, PE."]
[Result "0-1"]
[WhiteElo "2078"]
[BlackElo "1840"]
[PlyCount "66"]
[EventDate "2002.10.20"]

1. e4 d5 2. exd5 Nf6 3. d4 Bg4 4. Be2 Bxe2 5. Qxe2 Qxd5 6. Nf3 Nc6 7. c4 Qf5 8.
a3 e6 9. d5 Nd8 10. Nc3 Be7 11. Nd4 Qg4 12. Qxg4 Nxg4 13. dxe6 Nxe6 14. Nxe6
fxe6 15. O-O O-O-O 16. h3 Ne5 17. Bf4 Nd3 18. Bc1 Bf6 19. Rb1 Bxc3 20. bxc3
Nxc1 21. Rbxc1 Rd2 22. Rce1 Re8 23. Re3 Ra2 24. Rfe1 Rxa3 25. Rxe6 Rxe6 26.
Rxe6 Kd7 27. Re3 a5 28. Kf1 a4 29. Ke2 Ra2+ 30. Ke1 a3 31. Rd3+ Kc6 32. Rd1 Rb2
33. Ra1 a2 0-1

[Event "Guernsey Open"]
[Site "?"]
[Date "2002.??.??"]
[Round "3"]
[White "Arnott, Jonathan"]
[Black "Lanzer, RA."]
[Result "1-0"]
[WhiteElo "2070"]
[BlackElo "1744"]
[PlyCount "44"]
[EventDate "2002.10.20"]

1. e4 e6 2. d4 d5 3. e5 c5 4. c3 Qb6 5. Nf3 Nc6 6. a3 c4 7. Nbd2 Na5 8. g3 Bd7
9. Bg2 Be7 10. O-O O-O-O 11. Rb1 h5 12. Qe2 h4 13. h3 hxg3 14. fxg3 Nh6 15. g4
g5 16. Rf2 f6 17. exf6 Bxf6 18. Ne5 Bxe5 19. Qxe5 Nc6 20. Qxg5 e5 21. Bxd5 Rdg8
22. Bxg8 exd4 1-0